Meilleurs joueurs FIFA23 par image - Statistiques

Statistiques générales
  • Ce quiz a été pris 415 fois
  • Le résultat moyen est 12 sur 16
Statistiques - réponses
Par images Réponse % Correct
Mbappé
99%
Zidane
99%
Pelé
95%
Ronaldinho
92%
Eusébio
89%
Maldini
89%
Gullit
87%
Best
85%
Cruyff
85%
Yashin
80%
Ginola
79%
Garrincha
75%
Jairzinho
60%
Muller
57%
Al-Owairan
44%
Lucio
34%
Aucun quiz correspondant
Distribution des résultats
% des personnes avec chaque résultat
Percentile par nombre de réponses
Votre historique - résultats
Vous n’avez pas pris ce quiz